[Event "Saratov-ch SUSE"]
[Site "Saratov"]
[Date "2010.12.14"]
[Round "5"]
[White "Kuznecov, Dmitriy"]
[Black "Vetrov, Alexey"]
[Result "1/2-1/2"]
[WhiteElo "2040"]
[BlackElo "2121"]
[PlyCount "55"]
[EventDate "2010.12.10"]
[EventType "swiss"]
[EventRounds "9"]
[EventCountry "RUS"]
[SourceTitle "EXT 2013"]
[Source "ChessBase"]
[SourceDate "2012.11.22"]
[SourceVersion "1"]
[SourceVersionDate "2012.11.22"]
[SourceQuality "1"]

1. d4 d6 2. Nf3 Nf6 3. e3 g6 4. c4 Bg7 5. Be2 0-0 6. b4 a5 7. b5 c5 8. Bb2 b6 9. 0-0 Ne4 10. Nbd2 Nxd2 11. Qxd2 Nd7 12. Rfd1 Qc7 13. a4 Nf6 14. Rac1 Re8 15. Qc2 Bf5 16. Bd3 Bxd3 17. Qxd3 Nd7 18. e4 cxd4 19. Nxd4 Nc5 20. Qc2 Rac8 21. Ba3 Nd7 22. Nc6 Ne5 23. Nxe5 Bxe5 24. Qd3 Qb7 25. g3 Rc7 26. Qd5 Rec8 27. f4 Bg7 28. Qd3 1/2-1/2

[Event "Saratov-ch SUSE"]
[Site "Saratov"]
[Date "2010.12.13"]
[Round "4"]
[White "Zhestkov, Igor"]
[Black "Kuznecov, Dmitriy"]
[Result "1/2-1/2"]
[WhiteElo "1892"]
[BlackElo "2040"]
[PlyCount "146"]
[EventDate "2010.12.10"]
[EventType "swiss"]
[EventRounds "9"]
[EventCountry "RUS"]
[SourceTitle "EXT 2013"]
[Source "ChessBase"]
[SourceDate "2012.11.22"]
[SourceVersion "1"]
[SourceVersionDate "2012.11.22"]
[SourceQuality "1"]

1. e4 d6 2. Nf3 g6 3. Bc4 Bg7 4. c3 Nf6 5. d3 0-0 6. h3 c6 7. 0-0 b5 8. Bb3 a6 9. Bg5 e5 10. Nbd2 Nbd7 11. a4 Qc7 12. Be3 Nc5 13. Bxc5 dxc5 14. d4 c4 15. dxe5 Nh5 16. Bc2 Nf4 17. Qe1 Bxe5 18. Nxe5 Qxe5 19. Kh1 Qg5 20. Rg1 Be6 21. Qe3 Qe5 22. Nf3 Qc7 23. e5 Nd5 24. Qh6 f5 25. Ng5 Rae8 26. axb5 axb5 27. Ra6 Bc8 28. Rxc6 Qg7 29. Qxg7+ Kxg7 30. Rxc8 Rxc8 31. Ne6+ Kf7 32. Nxf8 Kxf8 33. Rd1 Rc5 34. Rd4 b4 35. cxb4 Nxb4 36. Bb3 Nc6 37. Rxc4 Rxc4 38. Bxc4 Nxe5 39. Ba6 Ke7 40. b4 Kd6 41. Kh2 f4 42. Kg1 g5 43. Kf1 Kd5 44. Ke2 Kd4 45. b5 Nc4 46. Bc8 h6 47. Be6 Nb6 48. Bf7 Nd7 49. Be8 Nb6 50. Kf3 Ke5 51. Kg4 Nd5 52. Bc6 Nf6+ 53. Kf3 Kd6 54. h4 Kc7 55. hxg5 hxg5 56. g3 fxg3 57. Kxg3 Kb6 58. Kf3 Kc5 59. Ke2 Ng4 60. f3 Ne5 61. Ke3 Nc4+ 62. Kd3 Nd6 63. Bd7 Nc4 64. Bc6 Ne5+ 65. Ke4 Nc4 66. Kf5 Nd2 67. Kg4 Kb6 68. Be8 Kc5 69. Kg3 Kb6 70. Kf2 Kc5 71. Ke2 Nc4 72. Bc6 Kb6 73. Kd3 Kc5 1/2-1/2

[Event "Sterlitamak op"]
[Site "Sterlitamak"]
[Date "2010.07.02"]
[Round "9"]
[White "Kuznecov, Dmitriy"]
[Black "Mikhailov, Vladimir V"]
[Result "1-0"]
[WhiteElo "2053"]
[BlackElo "1797"]
[PlyCount "107"]
[EventDate "2010.06.24"]
[EventType "swiss"]
[EventRounds "9"]
[EventCountry "RUS"]
[SourceTitle "CBM 137 Extra"]
[Source "ChessBase"]
[SourceDate "2010.09.01"]
[SourceVersion "1"]
[SourceVersionDate "2010.09.01"]
[SourceQuality "1"]

1. d4 f5 2. c4 Nf6 3. g3 e6 4. Bg2 d5 5. b3 c6 6. Nh3 dxc4 7. bxc4 Bb4+ 8. Kf1 0-0 9. Bb2 Ng4 10. Qb3 Ba5 11. f3 Nf6 12. Na3 Nbd7 13. Rd1 Qe7 14. Nc2 Re8 15. f4 Ne4 16. Nf2 Nd2+ 17. Rxd2 Bxd2 18. Bf3 Ba5 19. Kg2 Nf6 20. e4 Qf7 21. e5 Nh5 22. d5 cxd5 23. cxd5 exd5 24. Nd4 Rd8 25. e6 Qe8 26. Bxh5 Qxh5 27. e7 Rd7 28. Nxf5 Qe2 29. Be5 Kf7 30. Nxg7 Kxe7 31. Qa3+ Kf7 32. Qxa5 b6 33. Qa4 b5 34. Qd4 Qc4 35. Rd1 Bb7 36. Rd2 Qxd4 37. Bxd4 Rc8 38. Nf5 a5 39. Nd3 Rdd8 40. Ne5+ Kf8 41. g4 Rc1 42. Nd3 Rc4 43. Ne5 Rc1 44. Ne3 Rdc8 45. f5 b4 46. h4 R1c3 47. Kg3 Rc1 48. g5 Rg1+ 49. Kf4 Rcc1 50. Nf3 Rh1 51. g6 hxg6 52. fxg6 Rc6 53. g7+ Kg8 54. Ne5 1-0

[Event "Uljanovsk op"]
[Site "Uljanovsk"]
[Date "2010.02.07"]
[Round "2"]
[White "Kuznecov, Dmitriy"]
[Black "Chernova, Anastasia"]
[Result "0-1"]
[WhiteElo "2068"]
[BlackElo "2217"]
[PlyCount "84"]
[EventDate "2010.02.06"]
[EventType "swiss"]
[EventRounds "9"]
[EventCountry "RUS"]
[SourceTitle "CBM 134 Extra"]
[Source "ChessBase"]
[SourceDate "2010.03.03"]
[SourceVersion "1"]
[SourceVersionDate "2010.03.03"]
[SourceQuality "1"]

1. d4 Nf6 2. c4 e6 3. Nf3 Bb4+ 4. Bd2 Qe7 5. Qc2 Nc6 6. a3 Bxd2+ 7. Nbxd2 d6 8. g3 e5 9. d5 Nb8 10. e4 0-0 11. Bg2 a5 12. 0-0 Na6 13. Rfe1 Bd7 14. Nh4 g6 15. b3 Nh5 16. Qc3 b6 17. b4 Rfb8 18. bxa5 bxa5 19. Qxa5 Nb4 20. axb4 Rxa5 21. bxa5 Qd8 22. a6 c5 23. dxc6 Bxc6 24. Ra2 Rb4 25. Bf3 Nf6 26. Ng2 Nd7 27. Ne3 Nc5 28. Nd5 Ra4 29. Rxa4 Bxa4 30. Nf1 Nxa6 31. Nfe3 h5 32. Rb1 Nc5 33. Bg2 Kg7 34. Rb6 Bb3 35. h3 Qa8 36. Rxd6 Qa1+ 37. Kh2 Qe1 38. Rc6 Nd3 39. f4 h4 40. gxh4 exf4 41. Rb6 Qg3+ 42. Kg1 fxe3 0-1

[Event "Perm op 07"]
[Site "Perm"]
[Date "2009.07.30"]
[Round "8"]
[White "Kuznecov, Dmitriy"]
[Black "Chechurin, Yury"]
[Result "1-0"]
[WhiteElo "2158"]
[BlackElo "2185"]
[PlyCount "45"]
[EventDate "2009.07.21"]
[EventType "swiss"]
[EventRounds "9"]
[EventCountry "RUS"]
[SourceTitle "EXT 2012"]
[Source "ChessBase"]
[SourceDate "2011.11.24"]
[SourceVersion "1"]
[SourceVersionDate "2011.11.24"]
[SourceQuality "1"]

1. d4 Nf6 2. c4 b6 3. Nc3 Bb7 4. Bg5 e6 5. e4 d6 6. Bd3 Nbd7 7. Nge2 Be7 8. f4 e5 9. d5 exf4 10. Nxf4 Nxd5 11. exd5 Bxg5 12. 0-0 0-0 13. Qh5 h6 14. Ng6 fxg6 15. Qxg6 Rxf1+ 16. Rxf1 Nf6 17. Ne4 Be3+ 18. Kh1 Bd4 19. Nxf6+ Bxf6 20. Qh7+ Kf8 21. Bg6 c6 22. Re1 Be5 23. Qh8+ 1-0

[Event "Perm op 07"]
[Site "Perm"]
[Date "2009.07.28"]
[Round "6"]
[White "Karpenko, Alexander"]
[Black "Kuznecov, Dmitriy"]
[Result "1/2-1/2"]
[WhiteElo "2166"]
[BlackElo "2158"]
[PlyCount "46"]
[EventDate "2009.07.21"]
[EventType "swiss"]
[EventRounds "9"]
[EventCountry "RUS"]
[SourceTitle "EXT 2012"]
[Source "ChessBase"]
[SourceDate "2011.11.24"]
[SourceVersion "1"]
[SourceVersionDate "2011.11.24"]
[SourceQuality "1"]

1. e4 e6 2. d3 d5 3. Nd2 c5 4. Ngf3 Nc6 5. Be2 Nf6 6. 0-0 Bd6 7. c3 0-0 8. Qc2 b6 9. Re1 Bb7 10. Nf1 Qc7 11. Bg5 Nd7 12. Rac1 dxe4 13. dxe4 h6 14. Bh4 Nde5 15. Rcd1 Nxf3+ 16. Bxf3 Ne5 17. Be2 Ng6 18. Bg3 Bxg3 19. hxg3 Rfd8 20. Bh5 Nf8 21. Qe2 Rxd1 22. Rxd1 Rd8 23. Rxd8 Qxd8 1/2-1/2

[Event "Perm op 07"]
[Site "Perm"]
[Date "2009.07.22"]
[Round "2"]
[White "Kuznecov, Dmitriy"]
[Black "Goldshtein, Grigory"]
[Result "1/2-1/2"]
[WhiteElo "2158"]
[BlackElo "2264"]
[PlyCount "53"]
[EventDate "2009.07.21"]
[EventType "swiss"]
[EventRounds "9"]
[EventCountry "RUS"]
[SourceTitle "EXT 2012"]
[Source "ChessBase"]
[SourceDate "2011.11.24"]
[SourceVersion "1"]
[SourceVersionDate "2011.11.24"]
[SourceQuality "1"]

1. d4 Nf6 2. Nf3 e6 3. e3 b6 4. Be2 Bb7 5. 0-0 Be7 6. c4 d6 7. Nc3 0-0 8. Qc2 c5 9. Rd1 Nbd7 10. d5 a6 11. e4 Ne8 12. Bf4 e5 13. Bg3 Nc7 14. h3 Rb8 15. Nh2 Ba8 16. a4 g6 17. Rf1 g5 18. Ng4 Kg7 19. Ne3 Rh8 20. Nf5+ Kf8 21. Bh5 h6 22. Qe2 Ne8 23. Bh2 Ng7 24. Nd1 Nxf5 25. exf5 Nf6 26. Ra3 Qd7 27. Ne3 1/2-1/2

[Event "Perm op 07"]
[Site "Perm"]
[Date "2009.07.21"]
[Round "1"]
[White "Chikrin, Vladimir"]
[Black "Kuznecov, Dmitriy"]
[Result "0-1"]
[WhiteElo "2158"]
[BlackElo "2158"]
[PlyCount "66"]
[EventDate "2009.07.21"]
[EventType "swiss"]
[EventRounds "9"]
[EventCountry "RUS"]
[SourceTitle "EXT 2012"]
[Source "ChessBase"]
[SourceDate "2011.11.24"]
[SourceVersion "1"]
[SourceVersionDate "2011.11.24"]
[SourceQuality "1"]

1. d4 Nf6 2. c4 d6 3. Nc3 e5 4. d5 Be7 5. e4 0-0 6. Bd3 Nbd7 7. Nge2 Nc5 8. Bg5 Nxd5 9. exd5 Nxd3+ 10. Qxd3 Bxg5 11. h4 Be7 12. 0-0-0 f5 13. h5 a6 14. Kb1 Bd7 15. f3 Qe8 16. Rdg1 b5 17. g4 c5 18. dxc6 Bxc6 19. gxf5 bxc4 20. Qxc4+ Kh8 21. h6 g6 22. fxg6 hxg6 23. Nd5 Ra7 24. f4 Bb5 25. Qc2 Bxe2 26. Qxe2 Bd8 27. Ka1 Rf5 28. Qe3 Rb7 29. fxe5 Rxe5 30. Qc3 Kh7 31. Nf4 Bg5 32. Qf3 Rf7 33. Qc3 Bxf4 0-1

[Event "Sverdlovsk Region-ch final"]
[Site "Ekaterinburg"]
[Date "2008.11.28"]
[Round "8"]
[White "Kuznecov, Dmitriy"]
[Black "Marievich, Vladimir"]
[Result "1-0"]
[WhiteElo "2032"]
[BlackElo "2044"]
[PlyCount "82"]
[EventDate "2008.11.23"]
[EventType "swiss"]
[EventRounds "9"]
[EventCountry "RUS"]
[SourceTitle "EXT 2022"]
[Source "ChessBase"]
[SourceDate "2021.10.06"]
[SourceVersion "1"]
[SourceVersionDate "2021.10.06"]
[SourceQuality "1"]

1. d4 Nf6 2. Nf3 e6 3. c4 d5 4. Nc3 c6 5. cxd5 exd5 6. Bg5 Be7 7. Qc2 Nbd7 8. e3 h6 9. Bh4 0-0 10. Bd3 b6 11. 0-0 Bb7 12. Rfe1 Re8 13. Rad1 a6 14. a3 c5 15. Qe2 Ne4 16. Bxe7 Nxc3 17. bxc3 Qxe7 18. Qb2 g6 19. Rb1 c4 20. Bf1 b5 21. Nd2 Qd6 22. e4 dxe4 23. Nxc4 Qc7 24. Ne3 Rab8 25. a4 bxa4 26. c4 Bc6 27. Qa2 Nf6 28. Rbc1 Rb4 29. d5 Bd7 30. c5 Bb5 31. Red1 Qe5 32. Rb1 Rxb1 33. Qxb1 Rb8 34. Bxb5 Rxb5 35. Qc1 Rb3 36. c6 Ne8 37. Nc4 Qf6 38. d6 Rd3 39. d7 Nc7 40. Rxd3 exd3 41. Ne5 Qd6 1-0